000 00762nam a2200253 a 4500
008
020 _a0198556179 (pbk.)
049 _aMAIN
090 _aQC793.5.E62
100 1 _aWilson, S.
245 1 0 _aElectron correlation in molecules /
_cby S. Wilson.
260 _aOxford :
_bClarendon Press,
_cc1984.
300 _ax, 281 p. :
_bill. ;
_c25 cm.
440 0 _aInternational series of monographs on chemistry ;
_v11
504 _aIncludes bibliographical references.
500 _aIncludes index.
650 0 _aMolecular theory.
650 0 _aElectron correlation.
907 _a.b10048315
_b28-05-13
_c17-04-03
003
005 20230123133221.0
040 _cNUST
942 _cBOOKS
_kQC793.5.E62
999 _c144750
_d144750